Name the Female Footballers (Top FC24 ratings) - Statistics

General Stats
  • This quiz has been taken 52 times
  • The average score is 20 of 54
Answer Stats
Hint Answer % Correct
Goalkeeper, 86 Mary Earps
78%
Midfielder, 91 Alexia Putellas
76%
Forward, 90 Sam Kerr
76%
Midfielder, 90 Aitana Bonmatí
74%
Forward, 87 Beth Mead
74%
Defender, 87 Lucy Bronze
72%
Defender, 85 Katie McCabe
67%
Defender, 89 Mapi León
59%
Forward, 86 Vivianne Miedema
59%
Midfielder, 85 Keira Walsh
57%
Forward, 88 Alexandra Popp
54%
Forward, 87 Ewa Pajor
54%
Defender, 85 Leah Williamson
54%
Forward, 85 Khadija Shaw
52%
Forward, 86 Lauren Hemp
52%
Forward, 90 Caroline Graham Hansen
50%
Defender, 88 Irene Paredes
48%
Defender, 88 Wendie Renard
48%
Forward, 89 Alex Morgan
46%
Goalkeeper, 85 Manuela Zinsberger
46%
Defender, 85 Millie Bright
46%
Defender, 87 Fridolina Rolfö
41%
Midfielder, 86 Kim Little
41%
Goalkeeper, 88 Christiane Endler
39%
Midfielder, 86 Jill Roord
39%
Forward, 88 Guro Reiten
37%
Midfielder, 88 Patri Guijarro
37%
Goalkeeper, 87 Sandra Paños
37%
Forward, 89 Kadidiatou Diani
33%
Midfielder, 87 Lena Oberdorf
33%
Forward, 85 Asisat Oshoala
30%
Forward, 88 Sophia Smith
30%
Forward, 86 Lea Schüller
28%
Defender, 85 Ona Batlle
28%
Forward, 88 Marie Katoto
26%
Defender, 86 Selma Bacha
26%
Midfielder, 86 Lindsey Horan
24%
Forward, 86 Cristiana Girelli
22%
Goalkeeper, 85 Merle Frohms
22%
Forward, 85 Rachel Daly
22%
Forward, 86 Mallory Swanson
20%
Defender, 86 Sakina Karchaoui
20%
Midfielder, 88 Debinha
17%
Goalkeeper, 85 Kailen Sheridan
17%
Midfielder, 87 Rose Lavelle
17%
Defender, 86 Ashely Lawrence
13%
Midfielder, 86 Grace Geyoro
13%
Defender, 85 Kathrin Hendrich
11%
Midfielder, 85 Amandine Henry
9%
Midfielder, 85 Svenja Huth
9%
Midfielder, 85 Megan Rapinoe
7%
Defender, 85 Becky Sauerbrunn
4%
Midfielder, 87 Lina Magull
4%
Forward, 89 Ada Hegerbeg
2%
No matching quizzes found
Score Distribution
Percent of People with Each Score
Percentile by Number Answered
Your Score History
You have not taken this quiz